Loading...
ENZYMATIC REACTION MECHANISMS
| Main Author: | |
|---|---|
| Format: | Printed Book |
| Published: |
SAN FRANCISCO
W.H. FREEMAN AND COMPANY
1979
|
| LEADER | 00445nam a22001337a 4500 | ||
|---|---|---|---|
| 020 | |a 0-7167-0070-0 | ||
| 082 | |a 592 |b WAL/EN | ||
| 100 | |a WALSH, CHRISTOPHER | ||
| 245 | |a ENZYMATIC REACTION MECHANISMS | ||
| 260 | |a SAN FRANCISCO |b W.H. FREEMAN AND COMPANY |c 1979 | ||
| 300 | |a 978 |b HB | ||
| 942 | |c BK | ||
| 999 | |c 11222 |d 11222 | ||
| 952 | |0 0 |1 0 |4 0 |6 592_000000000000000_WAL_EN |7 0 |8 NFIC |9 14853 |a KUFOS |b KUFOS |c GEN |d 2016-08-04 |o 592 WAL/EN |p 03462 |r 2016-08-04 |w 2016-08-04 |y BK | ||